GETS Theological Seminary Library

Paul's intercessory prayers: (Record no. 45712)

MARC details
000 -LEADER
fixed length control field 01294nam a2200181Ia 4500
008 - FIXED-LENGTH DATA ELEMENTS--GENERAL INFORMATION
fixed length control field 230822s9999 xx 000 0 und d
020 ## - INTERNATIONAL STANDARD BOOK NUMBER
International Standard Book Number 97805212027490521202744
041 ## - LANGUAGE CODE
Language code of text/sound track or separate title eng
050 ## - LIBRARY OF CONGRESS CALL NUMBER
Classification number BS2650.5
Item number .W54 1974
100 ## - MAIN ENTRY--PERSONAL NAME
Personal name Wiles, Gordon P.
245 #0 - TITLE STATEMENT
Title Paul's intercessory prayers:
Remainder of title the significance of the intercessory prayer passages in the letters of St Paul /
Statement of responsibility, etc. Gordon P. Wiles
260 ## - PUBLICATION, DISTRIBUTION, ETC.
Place of publication, distribution, etc. Cambridge [England] :
Name of publisher, distributor, etc. University Press,
Date of publication, distribution, etc. 1974
300 ## - PHYSICAL DESCRIPTION
Extent xii, 351 p.
Other physical details ;
Dimensions 22 cm.
490 ## - SERIES STATEMENT
Series statement Society for New Testament Studies. Monograph series;
Volume/sequential designation 24
505 ## - FORMATTED CONTENTS NOTE
Formatted contents note Machine derived contents note: 1. Introductory; 2. Intercessory prayer material in Paul?s letters; 3. Intercessory wish-prayers: their background and form; 4. Function of the wish-prayers in I Thessalonians; 5. Function of the wish-prayers in Romans, I Corinthians, and Philippians; 6. Blessings and Curses; 7. Intercessory prayer-reports: their form and function; 8. Function of the prayer-reports in the thanksgiving periods; 9. Function of the prayer-reports in the body of the letters; 10. Requests and exhortations about intercessory prayer; 11. Concluding Statement.
650 ## - SUBJECT ADDED ENTRY--TOPICAL TERM
Topical term or geographic name entry element Paulus Apostel, Heiliger.Bible. Epistles of Paul Prayers.Bible. Epistles of Paul Criticism, interpretation, etc

No items available.

OpacCredits

Contact the Librarian, GETS Library
Email: library@mygets.org









Implemented by GETS Library
(Powered by ETCA Professional Group)
GETS Theological Seminary
412 E. Rowland Street, CA 91723